00471nam a22001217a 4500100002600000245011500026260003000141300001100171700004100182942001100223999001700234952009800251 aMehtab, Latifa13ME45 aExperimental Analysis of Diesel Engine Performance and Noise Emissions Using Waste Cooking Oil As Blended Fuel aNawabshah:bQUEST,c2016. a49p. ; aDepartment of Mechanical Engineering cTHESIS c57537d57534 00104070aQUESTCLbRESEARCHd2017-03-29l0o13ME45pMEP/28-368r2017-03-29 00:00:00yTHESIS